|
|
|
|
| LEADER |
00839cam a2200265 7i4500 |
| 001 |
0000066195 |
| 005 |
20160908090000.0 |
| 005 |
##20160908111600.0 |
| 003 |
##MY-KlINT |
| 008 |
160907 000 0 eng d |
| 020 |
# |
# |
|a 9781593601850
|
| 039 |
# |
9 |
|a 201609081116
|b salma
|c 201609071520
|d salma
|y 201609071516
|z salma
|
| 090 |
0 |
0 |
|a 650.1405
|b QUI
|
| 100 |
1 |
# |
|a Quillen, Dan
|
| 245 |
1 |
0 |
|a Get a job! :
|b How i found a job when jobs are hard to find-and so can you /
|c Dan Quillen.
|
| 260 |
# |
# |
|a Cold Spring Harbour,NY:
|b Cold Spring Press,
|c 2014.
|
| 300 |
# |
# |
|a 133p:
|b ill;
|c 22cm.
|
| 336 |
# |
# |
|a text
|2 rdacontent
|
| 337 |
# |
# |
|a unmediated
|2 rdamedia
|
| 338 |
# |
# |
|a volume
|2 rdacarrier
|
| 500 |
# |
# |
|a Includes index
|
| 583 |
# |
# |
|a In process
|
| 650 |
# |
0 |
|a Job hunting
|
| 650 |
# |
0 |
|a Employment interviewing
|
| 650 |
# |
0 |
|a Resumes (Employment)
|